Movies Quiz

Random Movies or Animation Quiz

According to Netflix: Animated Features Quiz Stats

 Plays Quiz Updated Jun 22, 2016

Challenge
Share
Tweet
Embed
Score 0/30 Timer 08:00
0 Plays Today
% Correct
Dumbo
95.3%
Mulan
94.4%
The Nightmare Before Christmas
94.1%
Chicken Run
93.5%
Tarzan
93.3%
Hercules
93.2%
Antz
93%
Turbo
93%
The Hunchback of Notre Dame
92.6%
Penguins of Madagascar
92.4%
The Aristocats
92.3%
Brother Bear
92.3%
The Emperor's New Groove
92.1%
The Nut Job
91.8%
Wreck-It Ralph
91.6%
% Correct
Mr. Peabody & Sherman
90.4%
Atlantis: The Lost Empire
90%
Anastasia
89.1%
A Cat in Paris
87.9%
Treasure Planet
86.3%
Hoodwinked!
85.9%
The Great Mouse Detective
85.9%
FernGully: The Last Rainforest
85.6%
The Rescuers
84.4%
Robin Hood
83.9%
The Croods
83.4%
Fantasia
83.2%
Fantasia 2000
82.7%
The Road to El Dorado
78.9%
The Secret of Kells
76.1%

You're not logged in!

Compare scores with friends on all Sporcle quizzes.
OR
Log In

You Might Also Like...

Show Comments

Extras

Top Quizzes Today


Score Distribution

Your Account Isn't Verified!

In order to create a playlist on Sporcle, you need to verify the email address you used during registration. Go to your Sporcle Settings to finish the process.

Report this User

Report this user for behavior that violates our Community Guidelines.

Details: